Miel y cera

Salvato in:
Dettagli Bibliografici
Autore principale: Damar, Luis María
Natura: Libro
Lingua:spagnolo
Pubblicazione: Buenos Aires. Alántida. 1946.
Soggetti:
Tags: Aggiungi Tag
Nessun Tag, puoi essere il primo ad aggiungerne!!

MARC

LEADER 00000nam a22000005a 4500
001 17324
003 CL-ChBUA
005 20120815103633.0
008 070301s1946 ag 000 0 spa
040 |a CL-ChBUA  |c CL-ChBUA 
082 0 0 |a 638 
090 |c 17324  |d 17324 
100 1 |a Damar, Luis María. 
245 1 0 |a Miel y cera 
260 |b Alántida.  |a Buenos Aires.  |c 1946. 
300 |c Il., 18 cm. 
504 |a Índice. 
650 4 |a APICULTURA. 
942 |c LIB 
952 |0 0  |1 0  |4 0  |7 0  |9 23946  |a UNACH  |b UNACH  |c 600  |d 2007-03-05  |i 772.  |l 0  |o 638 / D 666.  |p 24945  |r 2025-04-11 00:00:00  |u 23946  |w 2012-08-08  |y LIB  |k 638 / D 666. 
999 |c 17324  |d 17324